[Event "Sao Paulo Sampa op"]
[Site "Sao Paulo"]
[Date "2024.01.30"]
[Round "3"]
[White "Melian, Juan Sebastian"]
[Black "Cruz, Natan Gomes"]
[Result "1/2-1/2"]
[WhiteElo "2218"]
[BlackElo "1896"]
[PlyCount "40"]
[EventDate "2024.01.29"]
[EventType "swiss"]
[EventRounds "9"]
[EventCountry "BRA"]
[SourceTitle "CB06_2024"]
[SourceDate "2024.02.07"]
[SourceVersion "1"]
[SourceVersionDate "2024.02.07"]
[SourceQuality "1"]

1. d4 d5 2. c4 e6 3. Nf3 Nf6 4. g3 dxc4 5. Bg2 Nbd7 6. Qa4 a6 7. Qxc4 b5 8. Qc2 Bb7 9. 0-0 Be7 10. Bg5 h6 11. Bd2 Rc8 12. Ba5 Nb6 13. Rd1 Nc4 14. Qc1 0-0 15. b3 Nd6 16. Nbd2 Bd5 17. Qb1 Nfe4 18. Nxe4 Nxe4 19. Be1 Nf6 20. Qb2 Qd6 1/2-1/2

[Event "Hebraica op 31st"]
[Site "Hebraica"]
[Date "2023.07.01"]
[Round "4"]
[White "De Paula, Bruno Cesar Lima"]
[Black "Cruz, Natan Gomes"]
[Result "0-1"]
[WhiteElo "1650"]
[BlackElo "1901"]
[PlyCount "78"]
[EventDate "2023.06.30"]
[EventType "swiss"]
[EventRounds "6"]
[EventCountry "BRA"]
[SourceTitle "CBM 215 Extra"]
[Source "ChessBase"]
[SourceDate "2023.09.30"]
[SourceVersion "1"]
[SourceVersionDate "2023.09.30"]
[SourceQuality "1"]

1. e4 c5 2. Nf3 e6 3. d4 cxd4 4. Qxd4 Qc7 5. Nc3 a6 6. Be3 Nc6 7. Qd2 Bb4 8. a3 Qa5 9. Bd3 Nf6 10. 0-0 Bxc3 11. bxc3 d5 12. exd5 Nxd5 13. Nd4 Qxc3 14. Qxc3 Nxc3 15. Nxc6 bxc6 16. Bd4 Nd5 17. Bxg7 Rg8 18. Be5 f6 19. Bg3 h5 20. Be2 Rh8 21. Bh4 Kf7 22. Bf3 e5 23. Rab1 a5 24. Rfd1 Nc3 25. Bxc6 Ra7 26. f4 Nxb1 27. Rxb1 exf4 28. Rf1 Rc7 29. Bd5+ Be6 30. Be4 Rc4 31. Bd3 Ra4 32. Rb1 Rd8 33. Rb5 Rd5 34. Rb7+ Rd7 35. Rb5 Bc4 36. Bxc4+ Rxc4 37. Rxa5 Rxc2 38. h3 Rd1+ 39. Kh2 f3 0-1

[Event "Caioba op 7th"]
[Site "Caioba"]
[Date "2023.06.21"]
[Round "5"]
[White "Mariani, Kim Paul"]
[Black "Cruz, Natan Gomes"]
[Result "1-0"]
[WhiteElo "1539"]
[BlackElo "1901"]
[PlyCount "151"]
[EventDate "2023.06.18"]
[EventType "swiss"]
[EventRounds "9"]
[EventCountry "BRA"]
[SourceTitle "CBM 214 Extra"]
[Source "ChessBase"]
[SourceDate "2023.07.31"]
[SourceVersion "1"]
[SourceVersionDate "2023.07.31"]
[SourceQuality "1"]

1. e4 c6 2. d4 d5 3. exd5 cxd5 4. c4 e6 5. Nc3 Nf6 6. Nf3 Be7 7. cxd5 Nxd5 8. Bd3 Nc6 9. 0-0 0-0 10. Re1 Nf6 11. a3 b6 12. Bc2 Bb7 13. Qd3 g6 14. Bh6 Re8 15. Rad1 Rc8 16. Bb3 Bf8 17. Bxf8 Kxf8 18. Ng5 Qd7 19. Qf3 Kg7 20. Nce4 Nxe4 21. Nxe4 Qe7 22. Qf4 Rcd8 23. Nc3 Qf6 24. Qxf6+ Kxf6 25. d5 Na5 26. Ba4 Rf8 27. dxe6 fxe6 28. b4 Nc4 29. Bb3 Rxd1 30. Rxd1 Rc8 31. Nb5 Bd5 32. Nxa7 Ra8 33. Nb5 Ra6 34. Re1 Ra8 35. a4 Ne5 36. Bxd5 exd5 37. Nc7 Rd8 38. Rd1 d4 39. f3 Nc4 40. Nb5 Ke5 41. Kf2 d3 42. Nc3 d2 43. Ke2 g5 44. Ne4 Ra8 45. Ra1 Rd8 46. Nxg5 Rg8 47. g3 Kd4 48. Ne4 Re8 49. a5 Ra8 50. Nxd2 b5 51. Ne4 Ne5 52. Rb1 Nc6 53. Nd6 Rg8 54. a6 Ke5 55. Rd1 Ke6 56. Nb7 Nxb4 57. a7 Ra8 58. Nc5+ Kf6 59. Rd6+ Ke5 60. Rd7 Nc6 61. f4+ Kf5 62. Rf7+ Kg6 63. Rb7 Rxa7 64. Rb6 Rc7 65. Kd2 Kf5 66. Rxb5 Kg4 67. Kd3 Kf3 68. Rb3 Kg4 69. Ne4 Kf3 70. Ng5+ Kg4 71. Ke3 Re7+ 72. Kf2 h6 73. h3+ Kh5 74. Nf3 Kg6 75. Rb6 Re6 76. Rxc6 1-0

[Event "Caioba op 7th"]
[Site "Caioba"]
[Date "2023.06.20"]
[Round "4"]
[White "Cruz, Natan Gomes"]
[Black "Labussiere, Yago"]
[Result "0-1"]
[WhiteElo "1901"]
[BlackElo "2224"]
[PlyCount "136"]
[EventDate "2023.06.18"]
[EventType "swiss"]
[EventRounds "9"]
[EventCountry "BRA"]
[SourceTitle "CBM 214 Extra"]
[Source "ChessBase"]
[SourceDate "2023.07.31"]
[SourceVersion "1"]
[SourceVersionDate "2023.07.31"]
[SourceQuality "1"]

1. e4 c5 2. Nf3 Nc6 3. Bb5 e6 4. Nc3 Qc7 5. Bxc6 bxc6 6. 0-0 d5 7. exd5 cxd5 8. d4 Nf6 9. Re1 Be7 10. dxc5 Qxc5 11. Be3 Qc7 12. Qd4 a6 13. Bf4 Qc5 14. Rad1 0-0 15. Be5 Qxd4 16. Nxd4 Bb7 17. Na4 Nd7 18. Bg3 Rfc8 19. c3 Bc6 20. Nxc6 Rxc6 21. Kf1 Kf8 22. Ke2 Rac8 23. Rd4 h5 24. f3 Ke8 25. Kd1 Nf8 26. Kc2 Ng6 27. Bf2 Kf8 28. g3 Bd6 29. f4 Ne7 30. Rd3 Rb8 31. Re2 Nf5 32. b3 Be7 33. Kb2 Nd6 34. Bd4 Ne4 35. Rd1 f5 36. a3 g5 37. fxg5 Bxg5 38. Rde1 Kf7 39. b4 Bf6 40. Kb3 Be7 41. Nb2 Rbc8 42. Rc2 Bf6 43. Bxf6 Kxf6 44. Rec1 e5 45. Nd3 h4 46. gxh4 f4 47. a4 f3 48. b5 axb5 49. axb5 Rc4 50. b6 Rb8 51. Rf1 Rxb6+ 52. Nb4 f2 53. Rcxf2+ Nxf2 54. Rxf2+ Rf4 55. Rd2 Ke6 56. Kc2 Rbxb4 57. cxb4 Rxb4 58. h5 Rh4 59. Rg2 Rxh5 60. Kd1 e4 61. Ke2 Ke5 62. Kd2 d4 63. Ke2 d3+ 64. Ke3 Rh3+ 65. Kd2 Kd4 66. Kd1 Rh8 67. Kd2 e3+ 68. Kd1 Ra8 0-1

[Event "Florianopolis op 9th"]
[Site "Florianopolis"]
[Date "2023.01.29"]
[Round "10"]
[White "Paniago, Lucio Erloiny Silva"]
[Black "Cruz, Natan Gomes"]
[Result "0-1"]
[WhiteElo "1529"]
[BlackElo "1891"]
[PlyCount "50"]
[EventDate "2023.01.23"]
[EventType "swiss"]
[EventRounds "10"]
[EventCountry "BRA"]
[SourceTitle "CBM 212 Extra"]
[Source "ChessBase"]
[SourceDate "2023.03.31"]
[SourceVersion "1"]
[SourceVersionDate "2023.03.31"]
[SourceQuality "1"]

1. d4 d5 2. c4 c6 3. Nf3 Nf6 4. Nc3 e6 5. Bf4 dxc4 6. e4 Bb4 7. Qc2 b5 8. Be2 Nbd7 9. 0-0 Bb7 10. Rfd1 a6 11. a4 Qb6 12. axb5 axb5 13. Rxa8+ Bxa8 14. Ne1 0-0 15. h4 c5 16. dxc5 Bxc5 17. Bf3 e5 18. Bc1 Bd4 19. g3 Nc5 20. Ng2 Bxc3 21. bxc3 Ncxe4 22. Re1 Nc5 23. Bxa8 Rxa8 24. Rxe5 Nd3 25. Re2 Ra1 0-1

[Event "Florianopolis op 9th"]
[Site "Florianopolis"]
[Date "2023.01.27"]
[Round "7"]
[White "Cruz, Natan Gomes"]
[Black "Moura, Eduardo Henrique B"]
[Result "0-1"]
[WhiteElo "1891"]
[BlackElo "2127"]
[PlyCount "80"]
[EventDate "2023.01.23"]
[EventType "swiss"]
[EventRounds "10"]
[EventCountry "BRA"]
[SourceTitle "CBM 212 Extra"]
[Source "ChessBase"]
[SourceDate "2023.03.31"]
[SourceVersion "1"]
[SourceVersionDate "2023.03.31"]
[SourceQuality "1"]

1. e4 c5 2. Nf3 g6 3. d4 cxd4 4. Nxd4 Nc6 5. Be3 Nf6 6. Nc3 Bg7 7. Be2 0-0 8. 0-0 d5 9. exd5 Nxd5 10. Nxd5 Qxd5 11. Bf3 Qc4 12. Nxc6 bxc6 13. c3 Be6 14. Re1 Rab8 15. Qe2 a5 16. b3 Qxe2 17. Rxe2 Bd5 18. Bxd5 cxd5 19. Bd2 e6 20. Rc1 Rfc8 21. Kf1 a4 22. bxa4 Ra8 23. Be1 Rxa4 24. Rec2 Rac4 25. Ke2 d4 26. Kd3 e5 27. f3 f5 28. Bd2 e4+ 29. fxe4 fxe4+ 30. Kxe4 dxc3+ 31. Kd3 cxd2 32. Kxd2 Rxc2+ 33. Rxc2 Rxc2+ 34. Kxc2 Be5 35. g3 Kf7 36. Kd3 Kf6 37. Ke4 Bc7 38. a3 g5 39. a4 g4 40. a5 Bxa5 0-1

[Event "Florianopolis op 9th"]
[Site "Florianopolis"]
[Date "2023.01.26"]
[Round "5"]
[White "Cruz, Natan Gomes"]
[Black "Perez, Hernan"]
[Result "1-0"]
[WhiteElo "1891"]
[BlackElo "2081"]
[PlyCount "53"]
[EventDate "2023.01.23"]
[EventType "swiss"]
[EventRounds "10"]
[EventCountry "BRA"]
[SourceTitle "CBM 212 Extra"]
[Source "ChessBase"]
[SourceDate "2023.03.31"]
[SourceVersion "1"]
[SourceVersionDate "2023.03.31"]
[SourceQuality "1"]

1. e4 c5 2. Nf3 d6 3. d4 cxd4 4. Nxd4 Nf6 5. Nc3 g6 6. Be3 Bg7 7. f3 0-0 8. Bc4 Nc6 9. Qd2 Bd7 10. 0-0-0 Rc8 11. Bb3 Ne5 12. Qe2 a6 13. g4 b5 14. Kb1 Nc4 15. Bc1 e5 16. Nf5 gxf5 17. gxf5 Ne8 18. Rhg1 Kh8 19. Rg4 Bc6 20. Rdg1 Qe7 21. Bxc4 bxc4 22. Qxc4 Bb7 23. Qd3 Rg8 24. Qd2 Nf6 25. Qg5 Rce8 26. Rh4 Bf8 27. Rxh7+ 1-0

[Event "Niteroi op 2nd"]
[Site "Niteroi"]
[Date "2022.09.06"]
[Round "8"]
[White "Marcolino, Daniel Mattos"]
[Black "Cruz, Natan Gomes"]
[Result "1/2-1/2"]
[WhiteElo "2030"]
[BlackElo "1881"]
[PlyCount "31"]
[EventDate "2022.09.01"]
[EventType "swiss"]
[EventRounds "9"]
[EventCountry "BRA"]
[SourceTitle "EXT 2024"]
[Source "ChessBase"]
[SourceDate "2023.10.10"]
[SourceVersion "1"]
[SourceVersionDate "2023.10.10"]
[SourceQuality "1"]

1. Nf3 Nf6 2. g3 d5 3. Bg2 Bf5 4. 0-0 e6 5. c4 c6 6. Qb3 Qb6 7. d3 Nbd7 8. Qc2 Be7 9. Nh4 Bg6 10. Nxg6 hxg6 11. cxd5 cxd5 12. e4 dxe4 13. dxe4 Bc5 14. Qe2 Ne5 15. Nc3 Bd4 16. h3 1/2-1/2

[Event "Mombaca op 6th"]
[Site "Mombaca"]
[Date "2022.08.20"]
[Round "3"]
[White "Cruz, Natan Gomes"]
[Black "Nobre, Jose Adalberto Barb"]
[Result "1-0"]
[WhiteElo "1859"]
[BlackElo "1593"]
[PlyCount "56"]
[EventDate "2022.08.19"]
[EventType "swiss"]
[EventRounds "6"]
[EventCountry "BRA"]
[SourceTitle "CBM 210 Extra"]
[Source "ChessBase"]
[SourceDate "2022.11.30"]
[SourceVersion "1"]
[SourceVersionDate "2022.11.30"]
[SourceQuality "1"]

1. c4 Nf6 2. Nf3 g6 3. g3 Bg7 4. d4 0-0 5. Bg2 d6 6. 0-0 c6 7. Nc3 Nbd7 8. Qc2 Re8 9. Rd1 Qc7 10. b3 e5 11. e3 Rb8 12. Ba3 e4 13. Ne1 d5 14. cxd5 cxd5 15. Nxe4 Qa5 16. Nxf6+ Nxf6 17. Bd6 Ra8 18. Qc5 Qxc5 19. Bxc5 b6 20. Ba3 Ba6 21. Rac1 Rac8 22. Bh3 Rxc1 23. Rxc1 Bf8 24. Bxf8 Kxf8 25. Rc6 Kg7 26. Rc7 Ra8 27. Be6 Kh6 28. Rxf7 Ne4 1-0

[Event "Mombaca op 6th"]
[Site "Mombaca"]
[Date "2022.08.19"]
[Round "2"]
[White "Marra, Eduardo da Costa"]
[Black "Cruz, Natan Gomes"]
[Result "1-0"]
[WhiteElo "2244"]
[BlackElo "1859"]
[PlyCount "127"]
[EventDate "2022.08.19"]
[EventType "swiss"]
[EventRounds "6"]
[EventCountry "BRA"]
[SourceTitle "CBM 210 Extra"]
[Source "ChessBase"]
[SourceDate "2022.11.30"]
[SourceVersion "1"]
[SourceVersionDate "2022.11.30"]
[SourceQuality "1"]

1. e4 c6 2. Nf3 d5 3. Nc3 dxe4 4. Nxe4 Nf6 5. Qe2 Nxe4 6. Qxe4 Qd5 7. Qh4 Bf5 8. Bc4 Qd6 9. d3 e6 10. Bf4 Qb4+ 11. Ke2 Nd7 12. Rhb1 Be7 13. Qg3 Nf6 14. a3 Qb6 15. Bc7 Nh5 16. Qe5 Qc5 17. Qc3 Bf6 18. Qb4 Qxb4 19. axb4 Bd8 20. Be5 Nf6 21. Nd4 Bb6 22. Nxf5 exf5 23. Kf3 Bd8 24. Re1 0-0 25. b5 Re8 26. Bd4 Rxe1 27. Rxe1 cxb5 28. Bxb5 a6 29. Bc4 Rc8 30. c3 Kf8 31. h3 Be7 32. Kf4 g6 33. g4 fxg4 34. hxg4 h6 35. Rh1 Ng8 36. Bd5 Bd6+ 37. Kf3 Rc7 38. Be3 Kg7 39. Bd4+ Kf8 40. Ke3 Re7+ 41. Kd2 Rd7 42. Bg2 Be7 43. Be3 Kg7 44. d4 g5 45. Bf3 Nf6 46. c4 Ne8 47. Kc3 a5 48. c5 Bd8 49. Kc4 Nf6 50. d5 Ng8 51. Bd4+ Kf8 52. Re1 Ne7 53. Rh1 Ng8 54. d6 f6 55. Bd5 Rh7 56. Be4 Rf7 57. Bg6 Rg7 58. Bf5 Rf7 59. Re1 Rg7 60. Kd5 h5 61. gxh5 Nh6 62. Bg6 Nf7 63. Re6 g4 64. d7 1-0

[Event "BRA-ch U2000 Amateurs"]
[Site "Sao Paulo"]
[Date "2022.06.19"]
[Round "7"]
[White "Cruz, Natan Gomes"]
[Black "Bail, Ellen Larissa"]
[Result "1-0"]
[WhiteElo "1783"]
[BlackElo "1894"]
[PlyCount "101"]
[EventDate "2022.06.16"]
[EventType "swiss"]
[EventRounds "7"]
[EventCountry "BRA"]
[SourceTitle "CBM 208 Extra"]
[Source "ChessBase"]
[SourceDate "2022.07.31"]
[SourceVersion "1"]
[SourceVersionDate "2022.07.31"]
[SourceQuality "1"]

1. d4 d5 2. Nf3 Nf6 3. e3 e6 4. c4 c6 5. Nc3 Nbd7 6. Bd3 Bd6 7. cxd5 exd5 8. 0-0 0-0 9. Qc2 Re8 10. Re1 Nf8 11. e4 dxe4 12. Nxe4 Nxe4 13. Bxe4 g6 14. Bh6 Ne6 15. Rad1 Ng7 16. Qc3 Bf8 17. d5 cxd5 18. Bxd5 Rxe1+ 19. Qxe1 Qe8 20. Ne5 Ne6 21. Ng4 Qe7 22. Qe5 Ng7 23. Bg5 Qxe5 24. Nh6+ Kh8 25. Nxf7+ Kg8 26. Nxe5+ Kh8 27. Bf6 a5 28. Rc1 Bf5 29. g4 Ra6 30. Bxg7+ Kxg7 31. gxf5 Bd6 32. Nc4 Bf4 33. Re1 b5 34. Ne3 Rd6 35. Bf3 Rd2 36. Re2 Rxe2 37. Bxe2 b4 38. f6+ Kf8 39. Nd5 b3 40. axb3 Be5 41. Kg2 Bxb2 42. Kf3 Be5 43. h3 Bd4 44. Kg3 Be5+ 45. f4 Bd4 46. Kg4 h6 47. f5 Kf7 48. fxg6+ Kxg6 49. Bd3+ Kf7 50. Kh5 Ke6 51. Bc4 1-0

[Event "BRA-ch U2000 Amateurs"]
[Site "Sao Paulo"]
[Date "2022.06.17"]
[Round "3"]
[White "Santos, Renan de Souza"]
[Black "Cruz, Natan Gomes"]
[Result "0-1"]
[WhiteElo "1617"]
[BlackElo "1783"]
[PlyCount "138"]
[EventDate "2022.06.16"]
[EventType "swiss"]
[EventRounds "7"]
[EventCountry "BRA"]
[SourceTitle "CBM 208 Extra"]
[Source "ChessBase"]
[SourceDate "2022.07.31"]
[SourceVersion "1"]
[SourceVersionDate "2022.07.31"]
[SourceQuality "1"]

1. e4 c6 2. d4 d5 3. e5 Bf5 4. Nd2 h6 5. Nb3 e6 6. Nf3 Nd7 7. Be3 Ne7 8. Be2 Qc7 9. 0-0 a6 10. Nh4 c5 11. f4 c4 12. Nc1 Bh7 13. g4 Nc6 14. c3 Be7 15. Ng2 Qb6 16. Qd2 0-0-0 17. f5 h5 18. fxe6 fxe6 19. gxh5 Bf5 20. Bf3 Rdf8 21. Ne2 Qd8 22. Rf2 Qe8 23. Ngf4 Nd8 24. Ng3 Bh4 25. Rg2 Bh7 26. b3 Nb6 27. Bg4 Kd7 28. Qb2 Kc7 29. Qa3 Be7 30. Qc1 Qc6 31. Nf1 Be4 32. Re2 Rf7 33. Nd2 Bh7 34. Qb2 Rhf8 35. Ng6 Re8 36. Nf3 Bxg6 37. hxg6 Rff8 38. Rf1 Qb5 39. Ref2 cxb3 40. axb3 Qd3 41. Bg5 Qxg6 42. h4 Rf4 43. Nh2 Rxf2 44. Rxf2 Bxg5 45. hxg5 Qxg5 46. Qa3 Qe7 47. Qc1 Rf8 48. c4 dxc4 49. bxc4 Rxf2 50. Kxf2 Qh4+ 51. Kg2 Nc6 52. Qc3 Qe7 53. d5 exd5 54. Nf3 Nxc4 55. e6 Qf6 56. Qe1 d4 57. Qg3+ Nd6 58. Nd2 Qe5 59. Qh4 Ne4 60. Nf3 Qf6 61. Qh2+ Nd6 62. Nd2 Ne5 63. Qh5 Qf4 64. Be2 d3 65. Bxd3 Nxd3 66. Nf3 Qd2+ 67. Kg3 Ne4+ 68. Kh4 Qf2+ 69. Kg4 Nf6+ 0-1

[Event "BRA-ch 87th"]
[Site "Cuiaba"]
[Date "2021.11.02"]
[Round "8"]
[White "Braga, Marcelo Melem"]
[Black "Cruz, Natan Gomes"]
[Result "0-1"]
[WhiteElo "1531"]
[BlackElo "1815"]
[PlyCount "94"]
[EventDate "2021.10.28"]
[EventType "swiss"]
[EventRounds "11"]
[EventCountry "BRA"]
[SourceTitle "CBM 205 Extra"]
[Source "ChessBase"]
[SourceDate "2022.01.31"]
[SourceVersion "1"]
[SourceVersionDate "2022.01.31"]
[SourceQuality "1"]

1. d4 d5 2. c4 c6 3. Nc3 Nf6 4. Bg5 Nbd7 5. Nf3 dxc4 6. Bd2 e6 7. a3 b5 8. e3 Bb7 9. Be2 a6 10. 0-0 c5 11. b3 cxb3 12. Qxb3 Be7 13. dxc5 Nxc5 14. Qc2 0-0 15. Rfd1 Rc8 16. Qa2 Nd5 17. Be1 Qb6 18. Ne5 Bf6 19. f4 Bxe5 20. fxe5 Nxe3 21. Rd6 Qc7 22. Bf3 Bxf3 23. gxf3 Nc4 24. Bg3 Nxd6 25. exd6 Qc6 26. Kg2 f5 27. Rd1 Rcd8 28. Ne2 Kh8 29. Rc1 Rxd6 30. Bxd6 Qxd6 31. Qc2 Na4 32. Qc8 h6 33. Qc6 Qe5 34. Re1 Rf6 35. Qe8+ Kh7 36. Qh5 Nc3 37. f4 Qe4+ 38. Qf3 Qxf3+ 39. Kxf3 Nxe2 40. Rxe2 g5 41. h3 Kg6 42. Re5 Rf7 43. Rxe6+ Rf6 44. Re5 Rb6 45. Re8 a5 46. Re5 b4 47. Rxa5 b3 0-1

[Event "BRA-ch 87th"]
[Site "Cuiaba"]
[Date "2021.11.02"]
[Round "9"]
[White "Cruz, Natan Gomes"]
[Black "Luz, Arthur Nader"]
[Result "0-1"]
[WhiteElo "1815"]
[BlackElo "2149"]
[PlyCount "88"]
[EventDate "2021.10.28"]
[EventType "swiss"]
[EventRounds "11"]
[EventCountry "BRA"]
[SourceTitle "CBM 205 Extra"]
[Source "ChessBase"]
[SourceDate "2022.01.31"]
[SourceVersion "1"]
[SourceVersionDate "2022.01.31"]
[SourceQuality "1"]

1. d4 Nf6 2. Nf3 g6 3. Nbd2 d5 4. e3 Bg7 5. Bd3 0-0 6. 0-0 b6 7. Qe2 c5 8. b3 Bb7 9. Bb2 Nc6 10. c3 Qc7 11. Rac1 e5 12. dxe5 Nxe5 13. Nxe5 Qxe5 14. Nf3 Qh5 15. Nd2 Qh4 16. Nf3 Qg4 17. Nd2 Qe6 18. Ba6 Bc6 19. Bb5 Bxb5 20. Qxb5 Ne4 21. Qd3 Rad8 22. Rfd1 f5 23. Ba1 Ng5 24. Re1 Qc6 25. h4 Nf7 26. Nf3 c4 27. Qd2 Rfe8 28. Red1 Bf6 29. Qc2 b5 30. Bb2 Nd6 31. Nd4 Qa6 32. h5 Ne4 33. hxg6 hxg6 34. g3 Nc5 35. Ra1 Bxd4 36. Rxd4 Re4 37. Kg2 Qe6 38. Ba3 Rxd4 39. exd4 Nd3 40. Qd2 f4 41. Qd1 Re8 42. Qf3 Qf5 43. Kg1 Ne1 44. Qh1 fxg3 0-1

[Event "BRA-ch 87th"]
[Site "Cuiaba"]
[Date "2021.11.01"]
[Round "7"]
[White "Cruz, Natan Gomes"]
[Black "Cella, Glaucio Dalla Cortt"]
[Result "0-1"]
[WhiteElo "1815"]
[BlackElo "1961"]
[PlyCount "76"]
[EventDate "2021.10.28"]
[EventType "swiss"]
[EventRounds "11"]
[EventCountry "BRA"]
[SourceTitle "CBM 205 Extra"]
[Source "ChessBase"]
[SourceDate "2022.01.31"]
[SourceVersion "1"]
[SourceVersionDate "2022.01.31"]
[SourceQuality "1"]

1. d4 Nf6 2. Bg5 e6 3. Nd2 h6 4. Bh4 g5 5. Bg3 Nh5 6. Be5 Ng7 7. Ne4 f5 8. Bf6 Be7 9. Bxg7 Rh7 10. Be5 d6 11. Bxd6 cxd6 12. Nc3 Qb6 13. Rb1 Nd7 14. e3 Nf6 15. Bc4 Bd7 16. Bb3 Bc6 17. f3 Kd7 18. Qd3 d5 19. Nge2 g4 20. fxg4 Nxg4 21. Nf4 Rg7 22. g3 Nf6 23. Qe2 Rg5 24. Nd3 Bd6 25. Na4 Bxa4 26. Bxa4+ Ke7 27. c3 Ne4 28. Nf2 Nxc3 29. bxc3 Qxb1+ 30. Bd1 Rc8 31. 0-0 Qb6 32. Bb3 Rxc3 33. Nh3 Rg7 34. Qh5 Rxe3 35. Rd1 Bxg3 36. Kh1 Re1+ 37. Rxe1 Bxe1 38. Qd1 Bc3 0-1

[Event "Sao Jose dos Campos op"]
[Site "Sao Jose dos Campos"]
[Date "2021.10.12"]
[Round "6"]
[White "Cruz, Natan Gomes"]
[Black "Fernandes, Flavio Roberto Oliv"]
[Result "1/2-1/2"]
[WhiteElo "1815"]
[BlackElo "1800"]
[PlyCount "119"]
[EventDate "2021.10.09"]
[EventType "swiss"]
[EventRounds "7"]
[EventCountry "BRA"]
[SourceTitle "CBM 204 Extra"]
[Source "ChessBase"]
[SourceDate "2021.11.30"]
[SourceVersion "1"]
[SourceVersionDate "2021.11.30"]
[SourceQuality "1"]

1. d4 Nf6 2. Bg5 c6 3. Nf3 Ne4 4. Bc1 e6 5. e3 Bb4+ 6. c3 Be7 7. Bd3 f5 8. Nbd2 d5 9. Ne5 0-0 10. 0-0 Bd7 11. f3 Nxd2 12. Bxd2 Be8 13. e4 Nd7 14. exf5 Nxe5 15. dxe5 exf5 16. Qc2 Bd7 17. Rae1 Be6 18. f4 c5 19. Be2 Rc8 20. Bf3 Qb6 21. Kh1 Qa6 22. Be2 Qc6 23. a4 a6 24. c4 g6 25. Bf3 b5 26. axb5 axb5 27. cxb5 Qxb5 28. Ra1 Ra8 29. Be3 Ra5 30. Be2 Qb6 31. Bd2 Rxa1 32. Rxa1 Rb8 33. Bc3 d4 34. Ra6 Qb3 35. Qxb3 Rxb3 36. Bxd4 cxd4 37. Rxe6 Rxb2 38. Bd3 Kf7 39. Ra6 Rd2 40. Bc4+ Kf8 41. g3 d3 42. Ra8+ Kg7 43. Rg8+ Kh6 44. Re8 Bc5 45. Rd8 Rd1+ 46. Kg2 d2 47. Be2 Rg1+ 48. Kf3 Rh1 49. Rxd2 Rxh2 50. g4 fxg4+ 51. Kxg4 Kg7 52. Rd7+ Kf8 53. Bc4 Be7 54. Rc7 Rd2 55. Rc8+ Rd8 56. Rc6 Rd4 57. Kf3 g5 58. fxg5 Bxg5 59. Rc7 h6 60. Be6 1/2-1/2

[Event "Sao Jose dos Campos op"]
[Site "Sao Jose dos Campos"]
[Date "2021.10.09"]
[Round "2"]
[White "Cruz, Natan Gomes"]
[Black "Ribeiro, Matheus Cavalcante"]
[Result "0-1"]
[WhiteElo "1815"]
[BlackElo "2177"]
[PlyCount "82"]
[EventDate "2021.10.09"]
[EventType "swiss"]
[EventRounds "7"]
[EventCountry "BRA"]
[SourceTitle "CBM 204 Extra"]
[Source "ChessBase"]
[SourceDate "2021.11.30"]
[SourceVersion "1"]
[SourceVersionDate "2021.11.30"]
[SourceQuality "1"]

1. d4 d5 2. g3 Nf6 3. Bg2 e6 4. Nf3 Be7 5. 0-0 0-0 6. Nbd2 c5 7. dxc5 Bxc5 8. Nb3 Bb6 9. Bf4 Nc6 10. Ne5 Bc7 11. Nxc6 bxc6 12. Bxc7 Qxc7 13. Qd4 e5 14. Qh4 Bf5 15. Rac1 a5 16. Nc5 Qb6 17. Qg5 Bg6 18. Na4 Qd4 19. b3 h6 20. e3 Qxa4 21. Qxf6 gxf6 22. bxa4 Rab8 23. Rfd1 Rfd8 24. h4 Rb2 25. c4 d4 26. exd4 exd4 27. Bxc6 d3 28. Bd5 d2 29. Ra1 Re8 30. Bg2 Bb1 31. Bf3 Re5 32. Kg2 Bxa2 33. Rg1 Kg7 34. g4 Bxc4 35. Kg3 Rc5 36. Kf4 Bb3 37. g5 fxg5+ 38. hxg5 hxg5+ 39. Rxg5+ Rxg5 40. Kxg5 Rc2 41. Ra3 d1Q 0-1

[Event "Sao Jose dos Campos op 3rd"]
[Site "Sao Jose dos Campos"]
[Date "2021.08.22"]
[Round "5"]
[White "Deus Filho, Joaquim"]
[Black "Cruz, Natan Gomes"]
[Result "0-1"]
[WhiteElo "1909"]
[BlackElo "1800"]
[PlyCount "96"]
[EventDate "2021.08.21"]
[EventType "swiss"]
[EventRounds "5"]
[EventCountry "BRA"]
[SourceTitle "CBM 204 Extra"]
[Source "ChessBase"]
[SourceDate "2021.11.30"]
[SourceVersion "1"]
[SourceVersionDate "2021.11.30"]
[SourceQuality "1"]

1. e4 e6 2. d3 d5 3. Nd2 Nf6 4. Ngf3 dxe4 5. dxe4 Be7 6. Bb5+ c6 7. Bc4 Nbd7 8. a4 Qc7 9. 0-0 0-0 10. Re1 Rd8 11. Qe2 Ne5 12. Bb3 b6 13. h3 Bb7 14. Nxe5 Qxe5 15. Nc4 Qc7 16. e5 Nd5 17. Qg4 c5 18. Bh6 Bf8 19. Rad1 Ne7 20. Rxd8 Rxd8 21. Bg5 Rd4 22. Qe2 Qc6 23. f3 Ng6 24. c3 Rd7 25. Na3 a6 26. Bc2 Be7 27. Bc1 Bh4 28. Rd1 Bg3 29. Nc4 b5 30. Na5 Rxd1+ 31. Qxd1 Qc7 32. Nxb7 Qxb7 33. Qd8+ Nf8 34. axb5 Qxb5 35. Bd3 c4 36. Bf1 Qxe5 37. Qd4 Qe1 38. Bf4 Bh4 39. Qxc4 Qf2+ 40. Kh2 Qxb2 41. Bd6 Bd8 42. Qc5 Ng6 43. Bxa6 Nh4 44. Bf1 Nxf3+ 45. Kg3 Ng5 46. Bd3 Qd2 47. Qd4 e5 48. Bxh7+ Kxh7 0-1

[Event "Sao Jose dos Campos op 3rd"]
[Site "Sao Jose dos Campos"]
[Date "2021.08.21"]
[Round "2"]
[White "Cruz, Natan Gomes"]
[Black "Souza, Ramon Santana De"]
[Result "0-1"]
[WhiteElo "1800"]
[BlackElo "1834"]
[PlyCount "154"]
[EventDate "2021.08.21"]
[EventType "swiss"]
[EventRounds "5"]
[EventCountry "BRA"]
[SourceTitle "CBM 204 Extra"]
[Source "ChessBase"]
[SourceDate "2021.11.30"]
[SourceVersion "1"]
[SourceVersionDate "2021.11.30"]
[SourceQuality "1"]

1. d4 d6 2. Nf3 g6 3. g3 Bg7 4. Bg2 f5 5. 0-0 Nf6 6. c3 0-0 7. Qb3+ Kh8 8. Ng5 d5 9. Nd2 Nc6 10. f4 h6 11. Ngf3 Ng4 12. Nb1 Nce5 13. Qd1 Nc4 14. b3 c6 15. Qd3 Nd6 16. h3 Nf6 17. Nbd2 Qe8 18. Ne4 Nfxe4 19. Kh2 b5 20. Nh4 Kh7 21. Be3 a5 22. Rac1 Ba6 23. Qc2 Rc8 24. Rfd1 Nf7 25. Nf3 Be5 26. dxe5 Nd8 27. g4 Ne6 28. Nd4 Nc7 29. b4 a4 30. Nf3 Rb8 31. Qd3 Nd6 32. Nd4 Nf7 33. Re1 Bc8 34. Bf3 Ng5 35. fxg5 hxg5 36. Nxf5 Rg8 37. Rg1 Kh8 38. Qd4 Be6 39. Rg3 Rg7 40. Rf1 Rc8 41. Qd3 Qf7 42. Bd4 Rcg8 43. Rfg1 Qe8 44. Qe3 Qd7 45. h4 Rh7 46. Nd6 Qe8 47. Ne4 dxe4 48. Bxe4 Na6 49. Rd1 Nc7 50. Bb6 Bd5 51. Qd3 Be6 52. e3 Bd5 53. e6 Rgg7 54. Bxg6 Na6 55. Bc5 Nc7 56. Bxe7 Rxe7 57. Qf5 Qg8 58. Qe5+ Qg7 59. Rf1 Be4 60. Rd1 Bd5 61. Rg2 Be4 62. Rgd2 Bd5 63. a3 Rxe6 64. Qd4 Qf6 65. Qa7 c5 66. Qxc7 Rxc7 67. e4 Kg7 68. Rxd5 Rxe4 69. Rd6 cxb4 70. axb4 Qe5+ 71. Kh3 Re3+ 72. Kg2 Qf4 73. Rf1 gxh4 74. Bd3 Qxg4+ 75. Kf2 Qf3+ 76. Kg1 Qg3+ 77. Kh1 Rf3 0-1